000 00774nem a2200229 i 4500
001 bg
245 0 0 _aEuropa [Dokument elektroniczny] :
_batlas drogowy /
_coprac. wydawca.
246 1 _aAtlas Europy
260 _aKatowice :
_bWydaw. Kartograficzne "Mapy Ścienne" Beata Piętka,
_c[2004].
300 _a1 dysk optyczny (CD ROM) :
_bkolor. ;
_c12 cm.
500 _aTyt. z ekranu tytułowego.
500 _aTyt. z etykiety dysku: Atlas Europy.
500 _aWymagania systemowe: IBM PC; Windows 98 lub nowsze; karta graficzna 800x600 Hicolor; czytnik CD-ROM.
651 9 _aEuropa
655 _aMapy
655 _aDokumenty elektroniczne
040 _cBPK
041 0 _apol
080 _a912:656.13](4)
942 _cCD
008 s pl f |000 0 pol
999 _c24074
_d24074
856 _uhttp://koha.tu.koszalin.pl/cgi-bin/koha/opac-detail.pl?biblionumber=24074
_yKatalog online BPK